[Event "LUX-chABC"]
[Site "Dudelange"]
[Date "1997.03.29"]
[Round "1.45"]
[White "Braun, Marc"]
[Black "Buerger, Arsene"]
[Result "0-1"]
[WhiteElo "1380"]
[BlackElo "1755"]
[PlyCount "60"]
[EventDate "1997.03.29"]
[EventType "swiss"]
[EventRounds "9"]
[EventCountry "LUX"]
[SourceTitle "EXT 2013"]
[Source "ChessBase"]
[SourceDate "2012.11.22"]
[SourceVersion "1"]
[SourceVersionDate "2012.11.22"]
[SourceQuality "1"]

1. e4 e6 2. d3 d5 3. Nc3 Nf6 4. e5 Nfd7 5. Nf3 c5 6. Be2 Nc6 7. Bf4 Qc7 8. Nb5 Qa5+ 9. Nc3 d4 10. Qd2 dxc3 11. bxc3 Be7 12. 0-0 0-0 13. Rfe1 Nb6 14. Red1 Nd5 15. Bg5 Qxc3 16. Bf4 Nd4 17. Nxd4 cxd4 18. Bf3 Qxd2 19. Bxd2 Nb6 20. c3 dxc3 21. Bxc3 Rb8 22. Bd4 Bd7 23. Bxb6 axb6 24. a4 Bc6 25. Be4 Rfd8 26. a5 Bxe4 27. dxe4 Rxd1+ 28. Rxd1 bxa5 29. Rd7 Rd8 30. Rxd8+ Bxd8 0-1